000 00601nam a2200181Ia 4500
003 GCL
008 140319s9999 xx 000 0 ara d
020 _a7215816977
040 _aGCL /
_cGCL
082 0 4 _a410.7152
_bك ا
100 1 _aكمال بشر
245 1 0 _aاذاعيات فى اللغة والادب /
_cكمال بشر
260 _aالقاهرة :
_bدار غريب للطباعة والنشر والتوزيع ،
_c2005
300 _a343 ص ؛
_c24 سم
650 0 4 _aاللغة العربية - الفاظ
650 0 4 _aاللغة العربية - المعانى
942 _2ddc
_cBK
999 _c7902
_d7902